Κατάλογος Βιβλιοθηκών Mediterranean College

Χρηματοοικονομική Ανάλυση Λογιστικών Καταστάσεων / Πέμπτη Έκδοση (Record no. 3775)

MARC details
000 -LEADER
fixed length control field 03242cam a22002174a 4500
005 - ΗΜΕΡΟΜΗΝΙΑ ΚΑΙ ΩΡΑ ΤΕΛΕΥΤΑΙΑΣ ΕΝΗΜΕΡΩΣΗΣ
Πεδίο ελέγχου 20250605163412.0
008 - FIXED-LENGTH DATA ELEMENTS--GENERAL INFORMATION
Πεδίο ελέγχου σταθερού μήκους 250528s ||||||||||||||||||||||||d
035 ## - SYSTEM CONTROL NUMBER
System control number 18414
020 ## - ISBN
ISBN 9607306996
040 ## - ΠΗΓΗ ΚΑΤΑΛΟΓΟΓΡΑΦΗΣΗΣ
Φορέας πρωτότυπης καταλογογράφησης MC Athens Campus Library
Γλώσσα καταλογογράφησης Ελληνικά, Μοντέρνα (1453-)
Modifying agency MC Athens Campus Library
Κανόνες περιγραφικής καταλογογράφησης AACR2
245 1# - ΤΙΤΛΟΣ ΚΑΙ ΔΗΛΩΣΗ ΥΠΕΥΘΥΝΟΤΗΤΑΣ
Τίτλος Χρηματοοικονομική Ανάλυση Λογιστικών Καταστάσεων / Πέμπτη Έκδοση
250 ## - EDITION STATEMENT
Edition statement
260 ## - PUBLICATION, DISTRIBUTION, ETC.
Name of publisher, distributor, etc. Σταμούλης Α,
Date of publication, distribution, etc. 1997
300 ## - PHYSICAL DESCRIPTION
Extent 384
505 0# - FORMATTED CONTENTS NOTE
Formatted contents note Πρόλογος, Έννοια - Σκοπός και Μέθοδοι Αναλύσεως, Μέθοδοι Αναλύσεως των Λογιστικών Καταστάσεων, Ανάλυση Λογιστικών Καταστάσεων με Αριθμοδείκτες, Αριθμοδείκτες Ρευστότητας, Αριθμοδείκτες Δραστηριότητας, Αριθμοδείκτες Αποδοτικότητας, Αριθμοδείκτες Δαπανών Λειτουργίας, Αριθμοδείκτες Διαρθρώσεως Κεφαλαίων και Βιωσιμότητας, Επενδυτικοί Αριθμοδείκτες, Ανακεφαλαίωση Αριθμοδείκτων, Συγκριτική Ανάλυση Λογιστικών Καταστάσεων, Κεφάλαιο Κινήσεως και Καταστάσεις Ταμειακής Ροής, Ανάλυση Νεκρού Σημείου, Προσδιορισμός Νεκρού Σημείου, Μέθοδοι Υπολογισμού του Νεκρού Σημείου, Εφαρμογή, Χρηματοοικονομική Ανάλυση της Α.Ε. Κλωστήρια Ναούσης, Υπολογισμός Κλαδικών Αντιπροσωπευτικών Μεγεθών, Βιβλιογραφία Ξένη και Ελληνική.
520 ## - SUMMARY, ETC.
Summary, etc. Πρόλογος, Έννοια - Σκοπός και Μέθοδοι Αναλύσεως, Μέθοδοι Αναλύσεως των Λογιστικών Καταστάσεων, Ανάλυση Λογιστικών Καταστάσεων με Αριθμοδείκτες, Αριθμοδείκτες Ρευστότητας, Αριθμοδείκτες Δραστηριότητας, Αριθμοδείκτες Αποδοτικότητας, Αριθμοδείκτες Δαπανών Λειτουργίας, Αριθμοδείκτες Διαρθρώσεως Κεφαλαίων και Βιωσιμότητας, Επενδυτικοί Αριθμοδείκτες, Ανακεφαλαίωση Αριθμοδείκτων, Συγκριτική Ανάλυση Λογιστικών Καταστάσεων, Κεφάλαιο Κινήσεως και Καταστάσεις Ταμειακής Ροής, Ανάλυση Νεκρού Σημείου, Προσδιορισμός Νεκρού Σημείου, Μέθοδοι Υπολογισμού του Νεκρού Σημείου, Εφαρμογή, Χρηματοοικονομική Ανάλυση της Α.Ε. Κλωστήρια Ναούσης, Υπολογισμός Κλαδικών Αντιπροσωπευτικών Μεγεθών, Βιβλιογραφία Ξένη και Ελληνική.
700 1# - ΠΡΟΣΘΕΤΗ ΑΝΑΓΡΑΦΗ--ΦΥΣΙΚΟ ΠΡΟΣΩΠΟ
Personal name Νιάρχος. Νικήτας Α
942 ## - ADDED ENTRY ELEMENTS (KOHA)
Koha item type Books
Holdings
Τύπος τεκμηρίου Βιβλιοθήκη Τρέχουσα τοποθεσία Barcode Αριθμός εισαγωγής Ημερομηνία απόκτησης Ταξιθετικό σύμβολο Αριθμός αντιτύπου Κατάσταση απόσυρσης Κατάσταση χαμένου Κατάσταση κατεστραμμένου Μη δανεισμός Σύνολο δανεισμών Ημερομηνία τελευταίας εμφάνισης Η τιμή ισχύει από
Books MC Athens Campus Library MC Athens Campus Library 9780000037749 3091 05/06/2025 657.48 NIA 1           05/06/2025 05/06/2025

MC Athens Campus Library
Πατησίων 94 & Κοδριγκτώνος 13, 104 34
Πελλήνης 8 & Πατησίων 107, 112 51
Τ: +30 210 8899600

MC Thessaloniki Campus Library
Ίωνος Δραγούμη 21, 54625 | Ίωνος Δραγούμη 15, 54625
Τ: +30 2310 287779 – Τ: +30 2314 440300